000 00434nam a2200181Ia 4500
999 _c10269
_d10269
003 0100
005 20180309085112.0
008 130303s9999 xx 000 0 und d
040 _cARRUPELIB
050 _aDT962.7.N98
100 _aNyangoni, Wellington
_940453
245 _aAfrican nationalism in Zimbabwe /
260 _aUSA
_bUniversity Press of America
_c1977
300 _a145P.
300 _b 22CM.
650 _aNationalism
_zZimbabwe
_9366
650 _aZimbabwe
_xChimurenga war
_929959
700 _aWellington Nyangoni
_940454
942 _2lcc
_cMONOGRAPH